Guess the 1960s song lyrics #153 - Statistics

General Stats
  • This quiz has been taken 20 times
  • The average score is 197 of 263
Answer Stats
Answer % Correct
a
100%
A
100%
do
94%
Do
94%
I
94%
it
94%
It
94%
me
94%
on
94%
the
94%
you
94%
You
94%
your
89%
and
83%
can
83%
Come
83%
come
83%
with
83%
It's
78%
know
78%
little
78%
of
78%
So
78%
so
78%
that
78%
to
78%
baby
72%
dance
72%
doin
72%
got
72%
gotta
72%
like
72%
Loco
72%
Motion
72%
motion
72%
new
72%
now
72%
Now
72%
up
72%
Yeah
72%
yeah
72%
brand
67%
don't
67%
Everybody's
67%
give
67%
if
67%
My
67%
swing
67%
you'll
67%
back
61%
bit
61%
chance
61%
easy
61%
feelin
61%
get
61%
hips
61%
make
61%
when
61%
you're
61%
You're
61%
you've
61%
let's
56%
nice
56%
rhythm
56%
ABCs
50%
blue
50%
happy
50%
in
50%
Jump
50%
jump
50%
lot
50%
never
50%
soul
50%
that's
50%
That's
50%
think
50%
train
50%
chain
44%
fine
44%
learnin
44%
makes
44%
railroad
44%
than
44%
There's
44%
Well
44%
around
39%
chugga
39%
control
39%
easier
39%
even
39%
knack
39%
lose
39%
Move
39%
right
39%
sister
39%
been
33%
floor
33%
good
33%
hands
33%
Little Eva
33%
holding
28%
notion
28%
Whoa
28%
whoa
28%
lookin
22%
No matching quizzes found
Score Distribution
Percent of People with Each Score
Percentile by Number Answered
Your Score History
You have not taken this quiz